En defensa de la ilustración. Por la razón, la ciencia, el humanismo y el progreso.
Gardado en:
| Autor Principal: | |
|---|---|
| Outros autores: | |
| Formato: | Unknown |
| Idioma: | inglés |
| Publicado: |
Barcelona, España:
Paidós,
2018.
|
| Edición: | 1ª edición. |
| Subjects: | |
| Tags: |
Engadir etiqueta
Sen Etiquetas, Sexa o primeiro en etiquetar este rexistro!
|
MARC
| LEADER | 00000 a2200000 4500 | ||
|---|---|---|---|
| 003 | CL-VaPUC | ||
| 005 | 20220527115710.0 | ||
| 008 | 220509b2018 ||||| |||| 00| 0 eng d | ||
| 999 | |c 435534 |d 435532 | ||
| 020 | |a 978-84-493-3462-7 | ||
| 040 | |c Pontificia Universidad Católica de Valparaíso | ||
| 082 | 7 | |a 303.44 PIN 2018 |2 22 | |
| 100 | |a Pinker, Steven |9 329119 |e autor | ||
| 245 | |a En defensa de la ilustración. |b Por la razón, la ciencia, el humanismo y el progreso. | ||
| 250 | |a 1ª edición. | ||
| 260 | |a Barcelona, España: |b Paidós, |c 2018. | ||
| 300 | |a 741 páginas | ||
| 583 | |k Cristina María Rojas Aguilar |c 20220509 | ||
| 650 | |a Progreso |x Civilización |9 869460 | ||
| 650 | |a Ilustración |9 313124 | ||
| 650 | |a Civilización moderna |y Siglo 21 |9 869461 | ||
| 650 | |a Cambio social |9 256857 | ||
| 700 | |a Hermida Lazcano, Pablo |e traducción |9 869462 | ||
| 942 | |2 ddc |c BK | ||
| 952 | |0 0 |1 0 |2 ddc |4 0 |6 303_440000000000000_PIN_2018 |7 0 |8 A |9 583133 |a BIBARQ |b BIBARQ |c GEN |d 2022-05-18 |e 3 |g 28843.00 |i 5651293 |l 1 |m 1 |o 303.44 PIN 2018 |p 5651293 |r 2025-01-20 |s 2024-08-16 |t 1 |v 28843.00 |w 2022-05-18 |y BK |k ARQ | ||